Top mop / (Record no. 410895)
[ view plain ]
| 000 -LEADER | |
|---|---|
| fixed length control field | 02217cam a22005178i 4500 |
| 001 - CONTROL NUMBER | |
| control field | on1457637758 |
| 003 - CONTROL NUMBER IDENTIFIER | |
| control field | OCoLC |
| 005 - DATE AND TIME OF LATEST TRANSACTION | |
| control field | 20250819180508.0 |
| 008 - FIXED-LENGTH DATA ELEMENTS--GENERAL INFORMATION | |
| fixed length control field | 240927s2026 mnu j 000 1 eng |
| 010 ## - LIBRARY OF CONGRESS CONTROL NUMBER | |
| LC control number | 2024045482 |
| 040 ## - CATALOGING SOURCE | |
| Original cataloging agency | DLC |
| Language of cataloging | eng |
| Description conventions | rda |
| Transcribing agency | DLC |
| Modifying agency | OCLCO |
| -- | IG# |
| -- | OCLCL |
| 020 ## - INTERNATIONAL STANDARD BOOK NUMBER | |
| International Standard Book Number | 9798765670156 |
| Qualifying information | (library binding) |
| 020 ## - INTERNATIONAL STANDARD BOOK NUMBER | |
| International Standard Book Number | 9798765684054 |
| Qualifying information | (paperback) |
| 020 ## - INTERNATIONAL STANDARD BOOK NUMBER | |
| Cancelled/invalid ISBN | 9798765677254 |
| Qualifying information | (epub) |
| 035 ## - SYSTEM CONTROL NUMBER | |
| System control number | (OCoLC)1457637758 |
| 042 ## - AUTHENTICATION CODE | |
| Authentication code | pcc |
| 050 00 - LIBRARY OF CONGRESS CALL NUMBER | |
| Classification number | PE1119.2 |
| Item number | .D6637 2026 |
| 082 00 - DEWEY DECIMAL CLASSIFICATION NUMBER | |
| Classification number | 428.6/2 |
| Edition number | 23/eng/20240927 |
| -- | https://id.oclc.org/worldcat/ddc/E3K7mgrC6fjwW9B3ybm6DQCXHJ |
| 049 ## - LOCAL HOLDINGS (OCLC) | |
| Holding library | WACL |
| 100 1# - MAIN ENTRY--PERSONAL NAME | |
| Personal name | Donald, Alison, |
| Relator term | author. |
| 9 (RLIN) | 6409663 |
| 245 10 - TITLE STATEMENT | |
| Title | Top mop / |
| Statement of responsibility, etc | Alison Donald, illustrated by Daniela Dogliani. |
| 250 ## - EDITION STATEMENT | |
| Edition statement | First American edition. |
| 263 ## - PROJECTED PUBLICATION DATE | |
| Projected publication date | 2508 |
| 264 #1 - Production, Publication, Distribution, Manufacture, and Copyright Notice. | |
| Place of production, publication, distribution, manufacture | Minneapolis : |
| Name of producer, publisher, distributor, manufacturer | Lerner Publications, |
| Date of production, publication, distribution, manufacture, or copyr | 2026. |
| 300 ## - PHYSICAL DESCRIPTION | |
| Extent | pages cm. |
| 336 ## - Content Type | |
| Content type term | text |
| 337 ## - Media type | |
| Media type term | unmediated |
| 338 ## - Carrier type | |
| Carrier type term | volume |
| 490 0# - SERIES STATEMENT | |
| Series statement | Early bird readers - yellow (early bird stories) |
| 520 ## - SUMMARY, ETC. | |
| Summary, etc | "Maz needs a new broom, but finding the right one is proving to be difficult. Take flight with Maz as she tries to find the right replacement in this magical story"-- |
| -- | Provided by publisher. |
| 521 ## - TARGET AUDIENCE NOTE | |
| Target audience note | Ages 4-8. |
| Source | Lerner Publications. |
| 521 ## - TARGET AUDIENCE NOTE | |
| Target audience note | Grades K-1. |
| Source | Lerner Publications. |
| 650 #0 - SUBJECT ADDED ENTRY--TOPICAL TERM | |
| Topical term or geographic name as entry element | Readers (Primary) |
| 650 #0 - SUBJECT ADDED ENTRY--TOPICAL TERM | |
| Topical term or geographic name as entry element | Witches |
| Form subdivision | Juvenile literature. |
| 9 (RLIN) | 6416558 |
| 650 #0 - SUBJECT ADDED ENTRY--TOPICAL TERM | |
| Topical term or geographic name as entry element | Reading |
| General subdivision | Phonetic method |
| Form subdivision | Juvenile literature. |
| 9 (RLIN) | 5744128 |
| 650 #1 - SUBJECT ADDED ENTRY--TOPICAL TERM | |
| Topical term or geographic name as entry element | Witches |
| Form subdivision | Fiction. |
| 9 (RLIN) | 5673734 |
| 650 #1 - SUBJECT ADDED ENTRY--TOPICAL TERM | |
| Topical term or geographic name as entry element | Reading |
| General subdivision | Phonetic method. |
| 9 (RLIN) | 90450 |
| 650 #6 - SUBJECT ADDED ENTRY--TOPICAL TERM | |
| Topical term or geographic name as entry element | Anglais (Langue) |
| Form subdivision | Lectures et morceaux choisis (Enseignement primaire) |
| 9 (RLIN) | 6465889 |
| 650 #6 - SUBJECT ADDED ENTRY--TOPICAL TERM | |
| Topical term or geographic name as entry element | Sorci�eres |
| Form subdivision | Ouvrages pour la jeunesse. |
| 9 (RLIN) | 6550751 |
| 650 #6 - SUBJECT ADDED ENTRY--TOPICAL TERM | |
| Topical term or geographic name as entry element | Lecture |
| General subdivision | M�ethode phon�etique |
| Form subdivision | Ouvrages pour la jeunesse. |
| 9 (RLIN) | 6547198 |
| 655 #7 - INDEX TERM--GENRE/FORM | |
| Genre/form data or focus term | Readers (Publications) |
| Source of term | lcgft |
| 9 (RLIN) | 5726093 |
| 700 1# - ADDED ENTRY--PERSONAL NAME | |
| Personal name | Dogliani, Daniela, |
| Relator term | illustrator. |
| 776 08 - ADDITIONAL PHYSICAL FORM ENTRY | |
| Display text | Online version: |
| Main entry heading | Donald, Alison. |
| Title | Top mop. |
| Edition | First American edition |
| Place, publisher, and date of publication | Minneapolis : Lerner Publications, 2026 |
| International Standard Book Number | 9798765677254 |
| Record control number | (DLC) 2024045483 |
| 938 ## - | |
| -- | Ingram Library Services |
| -- | INGR |
| -- | in022547117 |
| 994 ## - | |
| -- | C0 |
| -- | WACOL |
| Withdrawn status | Lost status | Source of classification or shelving scheme | Damaged status | Not for loan | Collection code | Home library | Current library | Shelving location | Date acquired | Source of acquisition | Total Checkouts | Total Renewals | Full call number | Barcode | Date last seen | Date checked out | Cost, replacement price | Price effective from | Koha item type |
|---|---|---|---|---|---|---|---|---|---|---|---|---|---|---|---|---|---|---|---|
| Dewey Decimal Classification | Children Leveled | Wasatch County Library | Wasatch County Library | Main Floor Childrens Area | 08/20/2025 | Penworthy | 4 | 1 | E Donald | 34301002164848 | 01/12/2026 | 12/30/2025 | 22.99 | 08/20/2025 | BOOK |
